00393nam a2200109Ia 4500008004100000100001800041245011200059260001600171300001200187650001600199856006800215160712s9999 xx 000 0 und d aNeri, Leee M. cLeee M. NeriaA Report on the Archaeological Survey Along the Coastal Area of Misamis Oriental, Philippines c2011bHukay avol. 16 xARCHAEOLOGY uhttp://journals.upd.edu.ph/index.php/asp/issue/view/423/showToc